Calc602 v.1.5 Kompletní průvodce

Saved in:
Bibliographic Details
Main Author: Fikáček, Ivo
Other Authors: Rozehnal, Ivo, Rozehnal, Václav
Format: Book
Language:Czech
Published: Praha Grada 1993
Edition:1. vyd.
Subjects:
Tags: Add Tag
No Tags, Be the first to tag this record!

MARC

LEADER 00000nam a2200000 4500
001 c005700
005 20221206074302.8
020 |a 80-85623-87-0 
041 0 |a cze 
044 |a CZ 
245 1 0 |a Calc602 v.1.5  |b Kompletní průvodce  |c Ivo Fikáček, Ivo Rozehnal, Václav Rozehnal 
250 |a 1. vyd. 
264 1 |a Praha  |b Grada  |c 1993 
300 |a 302 s. 
610 2 0 |a Calc602 v.1.5 
610 2 0 |a softvér 
610 2 0 |a programy počítačové 
610 2 0 |a programovanie 
610 2 0 |a procesory textové 
100 1 |a Fikáček, Ivo 
700 1 |a Rozehnal, Ivo 
700 1 |a Rozehnal, Václav